Statistics for 台灣地圖 Taiwan Map Quiz

Click here to take the quiz!

General Stats

  • This quiz has been taken 962 times
  • The average score is 17 of 22

Answers on the Map

Answers color-coded by a green-red scale on the quiz's map according to % correct below.
 

Answer Stats

區劃% Correct
臺北市
99%
臺南市
93%
臺中市
91%
高雄市
90%
新北市
87%
桃園市
83%
基隆市
82%
金門縣
81%
澎湖縣
81%
臺東縣
81%
花蓮縣
80%
新竹縣
77%
新竹市
77%
嘉義縣
75%
嘉義市
75%
屏東縣
71%
南投縣
68%
宜蘭縣
65%
苗栗縣
61%
彰化縣
60%
雲林縣
57%
連江縣
52%

Score Distribution

Percentile by Number Answered

Percent of People with Each Score

Your Score History

You have not taken this quiz